Exodus postponed (Record no. 117983)
[ view plain ]
| 000 -LEADER | |
|---|---|
| fixed length control field | 00806cam a2200193 4500 |
| 001 - CONTROL NUMBER | |
| control field | ABS68207 |
| 008 - FIXED-LENGTH DATA ELEMENTS--GENERAL INFORMATION | |
| fixed length control field | 040909n2004 000 0 eng u |
| 035 ## - SYSTEM CONTROL NUMBER | |
| System control number | (Sirsi) u127305 |
| 100 ## - MAIN ENTRY--PERSONAL NAME | |
| Personal name | Snow, J. |
| 245 ## - TITLE STATEMENT | |
| Title | Exodus postponed |
| 260 ## - PUBLICATION, DISTRIBUTION, ETC. | |
| Date of publication, distribution, etc. | 2004 |
| 490 ## - SERIES STATEMENT | |
| Series statement | Estates Gazette |
| Volume/sequential designation | (0436) 4 September 2004, 114-115(2) |
| 520 ## - SUMMARY, ETC. | |
| Summary, etc. | Contrary to predictions that call centres would be relocated outside the UK to countries such as India, research specialist ContactBabel in a three year forecast of the market centre, predicts that despite the competition from abroad, a further 50 000 jobs will be created over the next three years. Lists new call centre expansions planned in 2004. |
| 590 ## - LOCAL NOTE (RLIN) | |
| Local note | ABS |
| 590 ## - LOCAL NOTE (RLIN) | |
| Local note | ABS |
| 650 ## - SUBJECT ADDED ENTRY--TOPICAL TERM | |
| Topical term or geographic name entry element | CALL CENTRES |
| 690 ## - LOCAL SUBJECT ADDED ENTRY--TOPICAL TERM (OCLC, RLIN) | |
| Topical term or geographic name as entry element | COMMERCIAL PROPERTY |
| 9 (RLIN) | 6227 |
| 942 ## - ADDED ENTRY ELEMENTS (KOHA) | |
| Suppress in OPAC | 0 |
| Withdrawn status | Lost status | Source of classification or shelving scheme | Damaged status | Not for loan | Home library | Current library | Shelving location | Date acquired | Total Checkouts | Full call number | Barcode | Date last seen | Copy number | Price effective from | Koha item type |
|---|---|---|---|---|---|---|---|---|---|---|---|---|---|---|---|
| Dewey Decimal Classification | London | London | Journal article | 09/09/2004 | ABS68207 | 127305-1001 | 06/08/2019 | 1 | 06/08/2019 | Journal article |